[Event "Colombia Departamental U20"]
[Site "Colombia"]
[Date "2018.02.11"]
[Round "4.1"]
[White "Espinel Forero, Aura Maria"]
[Black "Rodriguez, Miguel Angel"]
[Result "0-1"]
[WhiteElo "1575"]
[BlackElo "1533"]
[PlyCount "88"]
[EventDate "2018.02.10"]
[EventType "tourn"]
[EventRounds "5"]
[EventCountry "COL"]
[SourceTitle "EXT 2024"]
[Source "ChessBase"]
[SourceDate "2023.10.10"]
[SourceVersion "1"]
[SourceVersionDate "2023.10.10"]
[SourceQuality "1"]

1. e4 e6 2. c4 d5 3. cxd5 exd5 4. exd5 Nf6 5. Bc4 Nbd7 6. Nf3 Nb6 7. d3 Be7 8. 0-0 0-0 9. b3 Bg4 10. Nbd2 Nbxd5 11. Bb2 c6 12. d4 Qc7 13. Be2 Nf4 14. d5 Nxe2+ 15. Qxe2 Nxd5 16. Qc4 Bh5 17. Be5 Bd6 18. Bxd6 Qxd6 19. Qh4 Bg6 20. Nc4 Qf4 21. Qxf4 Nxf4 22. Nh4 Bd3 23. Rfd1 Bxc4 24. bxc4 Rad8 25. Rxd8 Rxd8 26. g3 Ne6 27. Rb1 b6 28. Nf5 Kf8 29. a4 g6 30. Ne3 Rb8 31. Kf1 a6 32. Ke2 b5 33. cxb5 cxb5 34. axb5 axb5 35. Kd3 Ke7 36. Nd5+ Kd6 37. Nb4 Nc7 38. Rc1 Ra8 39. Rc3 Ra4 40. Rb3 Ne6 41. Kc3 Nc5 42. Rb2 Ra3+ 43. Kd4 Ne6+ 44. Ke4 f5# 0-1